000 00802nam a2200169Ia 4500
008 090711s9999 xx 000 0 und d
082 _b69785
100 _aगाला ध. रा. / गाला धीरेन
245 _aआरोग्याSाी गुरुकिल्ली निसर्गोपSाार पध्दती
260 _c1991
300 _a67
600 _aगाला ध. रा. / गाला धीरेन
630 _aआरोग्याSाी गुरुकिल्ली निसर्गोपSाार पध्दती
700 _aगाला ध. रा. / गाला धीरेन
730 _aआरोग्याSाी गुरुकिल्ली निसर्गोपSाार पध्दती
942 _cBOOK
999 _c312038
_d312038